00978nam a2200289 a 450000100060000000300080000600500170001400800410003102000350007202000320010702000440013902000410018303500190022404000170024304100080026008200220026810000190029024500570030926000460036630000320041250500470044465000270049165000540051865000600057270000250063283000310065738413BD-RjUL20211209052807.0070130s2006 enka 000 0 eng d a9780194569750 (Student's book) a0194569756 (Student's book) a9780194569767 (Teacher's resource book) a0194569764 (Teacher's resource book) a(BD-RjUL)38518 bengcBD-RjUL aeng 223a381bHOC 20061 aHobbs, Martyn.10aCommerce.n1 /cMartyn Hobbs and Julia Starr Keddle. aOxford :bOxford University Press,c2006. a2 v. :bcol. ill. ;c28 cm.0 aStudent's book -- Teacher's resource book. 0aCommercevTerminology. 0aEnglish languagevTextbooks for foreign speakers. 0aEnglish languagexStudy and teachingxForeign speakers.1 aStarr Keddle, Julia. 0aOxford English for careers